Responses for show #7797 - Tuesday, July 3, 2018

Contestants

Dave Baltmanis, an attorney from Chicago, Illinois

Jim McGinnis, a delivery driver and part-time actor from Beaver, Pennsylvania

Suzanne Koppelman, a museum education manager from New York, New York (whose 1-day cash winnings total $24,401)

Jeopardy! Round responses

FIRST THING IN THE MORNING
A NICE CUP OF COFFEE
TV MOVIES?
NOBEL PRIZE KNOWLEDGE
STATE CAPITAL COLLEGES & UNIVERSITIES
(Alex: We'll give you the university or the college; you name the state capital for us.)
"F" STOP
    $200 26
(Dave: What is a beer?)

a shower

JimDave
    $200 18
(Jim: What is Taster's Choice?)

Nescafe

SuzanneJim
    $200 13
Wayne's World

Dave
    $200 20
Peace

Dave
    $200 1
(Suzanne: What is Arizona?)

Phoenix

SuzanneDave
    $200 24
a dwarf

Jim
    $400 28
reveille

Dave
    $400 15
Arabica

Dave
    $400 4
Ron Burgundy

Dave
    $400 30
Bohr

Dave
    $400 6
Springfield

Dave
    $400 21
aloof

Triple Stumper
    $600 29
Aurora

Jim
    $600 14
a barista

Jim
    $600 19
Network

Jim
    $600 25
China

Dave
    $600 16
(Suzanne: What is New Jersey? Oh, [*]--)
(Alex: No.)
(Suzanne: What is [*]?)
(Alex: Oh, you got it in in time. Good for you.)

Trenton

Suzanne
    $600 22
(Dave: What is The Elf on a Shelf?)
[Originally ruled correct; ruled incorrect before Double Jeopardy!]

The Elf on the Shelf

Dave
Triple Stumper
    $800 5
Guam

Suzanne
    $800 9
the Blue Mountains

Dave
    $800 2
(Edward R.) Murrow

Dave
    $800 10
(Dave: What is Literature?)

Economics

Dave
Triple Stumper
    $2,600 11
(Dave: What is Richmond?)

Atlanta

Dave
    $800 7
serif

Dave
    $1000 27
making your bed

Dave
    $1000 3
Brazil and Colombia

Jim
    $1000 12
Quiz Show

Suzanne
    $1000 8
superconductivity

Triple Stumper
    $1000 17
Salem

Suzanne
    $1000 23
a cloverleaf

Dave

Scores at the first commercial break (after clue 15):

Suzanne Jim Dave
$1,600 $1,600 $600

Scores at the end of the Jeopardy! Round:

Suzanne Jim Dave
$3,400 $3,000 $3,400

Double Jeopardy! Round responses

CONFUSING AUTHORS
THE ROBBER BARONS
MISSING LINKS
COASTAL TERMINOLOGY
TIME FOR OPERA
STARS FELL FROM ALABAMA
    $400 22
Alex Haley

Dave
    $400 1
Wall Street

Jim
    $400 10
Mary

Suzanne
    $400 6
waves

Dave
    $400 28
[The end-of-round signal sounds.]

1849

Suzanne
    $400 25
(Alex: Less than a minute now.)

Courteney Cox

Jim
    $800 21
Brooklyn

Dave
    $800 2
the steel industry

Jim
    $800 11
monster

Suzanne
    $800 14
flotsam and jetsam

Jim
    $800 27
(Jim: What is Wilhelm Tell?)
(Alex: Yes. No.)
[Originally ruled incorrect; ruled correct before Final Jeopardy!]

William Tell (or Wilhelm Tell)

JimDave
    $800 18
Channing Tatum

Jim
    $1200 8
(Steve) Martin

Dave
    $1200 3
(J.P.) Morgan

Suzanne
    $1200 12
bucket

Suzanne
    $1200 15
a jetty

Triple Stumper
    $3,000 26
Götterdämmerung (or Twilight of the Gods)

Jim
    $1200 17
Cox

Jim
    $1600 7
Edgar Rice Burroughs

Jim
    $1,000 4
(Leland) Stanford

Suzanne
    $1600 13
code

Jim
    $1600 16
tidepools

Dave
    $1600 19
(Hank) Williams

Dave
    $2000 20
Coonts/Koontz

Suzanne
    $2000 5
(John Jacob) Astor

Suzanne
    $2000 9
steering

Jim
    $2000 23
(Suzanne: What's an isthmus?)
[Originally ruled incorrect; ruled correct before Final Jeopardy!]

a sandbar (or isthmus)

Suzanne
    $2000 24
Fannie Flagg

Jim

Scores at the end of the Double Jeopardy! Round:

Suzanne Jim Dave
$14,400 $18,400 $10,200

[wagering suggestions for these scores]

Final Jeopardy! Round responses

THE EUROPEAN UNION
(Alex: [To Jim] The Peace Palace at The Hague.)
DaveWhat is Austria
$1,993
SuzanneWhat is France?
$4,001
JimWhat is Poland Switzerland
$10,401
the Netherlands

Final scores:

Suzanne Jim Dave
$10,399 $7,999 $8,207
2-day champion: $34,800 3rd place: $1,000 2nd place: $2,000

Game dynamics:

Coryat scores:

Suzanne Jim Dave
$15,000 $16,600 $12,800
14 R
(including 1 DD),
1 W
18 R
(including 1 DD),
1 W
21 R,
4 W
(including 1 DD)

Combined Coryat: $44,400

The J! Archive is created by fans, for fans. The Jeopardy! game show and all elements thereof, including but not limited to copyright and trademark thereto, are the property of Jeopardy Productions, Inc. and are protected under law. This website is not affiliated with, sponsored by, or operated by Jeopardy Productions, Inc. Join the discussion at JBoard.tv.